000 00303nam a22001337a 4500
008 171017b xxu||||| |||| 00| 0 eng d
020 _a9780030211089
041 _aeng
080 _29TH
_a331.101.262
100 _a52
101 _aBNJ
245 _aCONSUMER BEHAVIOR
_cBLACKWELL,R.D
942 _2udc
_cBK
999 _c34355
_d34355